National Assembly Library of Thailand

การวิจัยเพื่อพัฒนาระบบการดูแลบำบัดฟื้นฟูเด็กถูกทารุณกรรมทางเพศในครอบครัวที่อยู่ในเครือข่ายบ้านพักเด็ก จังหวัดเชียงใหม่ กรณีศึกษา : (ระเบียนเลขที่ 43903)

รายละเอียดในรูปแบบ MARC
000 -LEADER
fixed length control field 01634nam a22002417a 4500
003 - CONTROL NUMBER IDENTIFIER
control field NALT
005 - DATE AND TIME OF LATEST TRANSACTION
control field 20211119142631.0
008 - FIXED-LENGTH DATA ELEMENTS--GENERAL INFORMATION
fixed length control field s2547 th tha d
020 ## - INTERNATIONAL STANDARD BOOK NUMBER
International Standard Book Number 9746564161
040 ## - CATALOGING SOURCE
Original cataloging agency NALT
041 ## - LANGUAGE CODE
Language code of text/sound track or separate title tha
050 ## - LIBRARY OF CONGRESS CALL NUMBER
Classification number HV 6570.9.T5
Item number ท364ก 2547
100 0# - MAIN ENTRY--PERSONAL NAME
Personal name ทัศนีย์ ปุวรัตน์
9 (RLIN) 54905
245 10 - TITLE STATEMENT
Title การวิจัยเพื่อพัฒนาระบบการดูแลบำบัดฟื้นฟูเด็กถูกทารุณกรรมทางเพศในครอบครัวที่อยู่ในเครือข่ายบ้านพักเด็ก จังหวัดเชียงใหม่ กรณีศึกษา :
Remainder of title การเข้าถึงอัตลักษณ์ของเด็กที่ถูกทารุณกรรมทางเพศ โดยบุคคลในครอบครัว /
Statement of responsibility, etc. ทัศนีย์ ปุวรัตน์ และคณะ
260 ## - PUBLICATION, DISTRIBUTION, ETC.
Place of publication, distribution, etc. กรุงเทพฯ :
Name of publisher, distributor, etc. สำนักงานกองทุนสนับสนุนการวิจัย,
Date of publication, distribution, etc. 2547
300 ## - PHYSICAL DESCRIPTION
Extent 174 หน้า :
Other physical details ภาพประกอบ ;
Dimensions 29 ซม.
650 04 - SUBJECT ADDED ENTRY--TOPICAL TERM
Topical term or geographic name entry element การทารุณทางเพศเด็ก -- วิจัย
650 04 - SUBJECT ADDED ENTRY--TOPICAL TERM
Topical term or geographic name entry element ทารุณกรรมทางเพศ -- เด็ก -- วิจัย
650 04 - SUBJECT ADDED ENTRY--TOPICAL TERM
Topical term or geographic name entry element เด็กที่ถูกทารุณทางเพศ -- วิจัย
650 04 - SUBJECT ADDED ENTRY--TOPICAL TERM
Topical term or geographic name entry element การทารุณเด็ก -- วิจัย
850 ## - HOLDING INSTITUTION
Holding institution NALT
942 ## - ADDED ENTRY ELEMENTS (KOHA)
Koha item type Research/Thesis
Source of classification or shelving scheme Library of Congress Classification
998 ## - STAFF NAME (NALT)
-- 109
-- อารีรัตน์ วิชาช่าง
รายการที่มีในห้องสมุด
Withdrawn status Lost status Damaged status Not for loan Collection code Home library Current library Total Checkouts Total Renewals Full call number Barcode Date last seen Date last checked out Price effective from Koha item type
        Research & Theses collection National Assembly Library of Thailand National Assembly Library of Thailand 1 1 ว HV6570.9.T5 ท364ก 2547 3961154795 12/09/2017 29/08/2017 09/06/2017 Research/Thesis
หอสมุดรัฐสภา
สำนักงานเลขาธิการสภาผู้แทนราษฎร เลขที่ 1111 ถนนสามเสน แขวงถนนนครไชยศรี เขตดุสิต กรุงเทพฯ 10300
The Secretariat of the House of Representatives 1111 Samsen Road, Thanon Nakhon Chai Si, Dusit, Bangkok 10300, THAILAND
โทรศัพท์: +66(0) 2242 5900 ต่อ 5714-5 โทรสาร: +66(0) 2242 5990 อีเมล: [email protected]